=LDR 00000nam 2200000 4500 =001 INLIS000000000056757 =005 20200929090154 =035 ##$$a 0010-0920000388 =007 ta =008 200929################g##########0#ind## =020 ##$$a 979-420-152-9 =082 ##$$a 306.309 598 24 =084 ##$$a 306.309 598 24 KAN p =100 #$$a Kano, Hiroyoshi =245 1#$$a Pagelaran : $b Anatomi sosial ekonomi pelapisan masyarakat tani di sebuah desa Jawa Timur /$c Hiroyoshi Kano =260 ##$$a Surabaya :$b Gadjah Mada University Press,$c 1990 =300 ##$$a xii, 195 hlm. : $b ilus. ; $c 21 x 15 cm. =650 #4$$a Sosial Ekonomi - Jawa Timur =990 ##$$a 113.4225/Pro-97 =990 ##$$a 113.426/Pro-97